01330nam a2200277 i 4500001001000000003000900010005001700019007000300036008004100039040003000080049000900110082001400119111032100133245005400454264003700508300002700545336002600572337003300598338002800631590002600659910001500685942001300700952013200713952019000845999001701035000028633DO-SdBNP20231016131738.0ta110411s1966 dr 000 0 spa d aDO-SdBNPbspacBNPHUerda aBNPD 4bM935e2221 aConferencia acerca de la participación de estudiantes norteamericanos en el medio ambiente político y social que lo rodea, describiendo sus actividades, actitudes y organizaciones generales. Refleja el equilibrio de intereses entre los estudiantes que son participantes activos y aquéllos que no lo son.95559010aMovimientos de estudiantes en los Estados Unidos. aSanto Domingo :bPadilla,c1966. a23 páginas ;c21 cm. 2rdaconentatextobtxt 2rdamediaasin mediaciónbn 2rdacarrieravolumenbnc aInventariado, 2023/BT aBtavárez 2ddccLF2 00102ddc51708PDaBNPHUbBNPHUcCTd2011-04-11l0oBNPHU PD M935ep28633-10r2020-06-25w2020-06-25yLF2ZPréstamo en sala 00102ddc51708PDaBNPHUbBNPHUcCTd2023-10-16eDonaciónl0oBNPHU PD M935ep2023-6937r2023-10-16te.2w2023-10-16yLF2zPerteneció a la biblioteca personal de Bárbara Suncar. c28125d28125